Normal view
MARC view
Entry Personal Name
001 - CONTROL NUMBER
- control field: 37832
003 - CONTROL NUMBER IDENTIFIER
- control field: dpl
005 - DATE AND TIME OF LATEST TRANSACTION
- control field: 20120102161255.0
008 - FIXED-LENGTH DATA ELEMENTS
- fixed length control field: 120102|||a|||||| | ||| d
040 ## - CATALOGING SOURCE
- Original cataloging agency: dpl
- Transcribing agency: dpl
100 ## - HEADING--PERSONAL NAME
- Personal name: Nelson, E. W.
- Fuller form of name: (Eric William).
- Title of a work: Schaum's outline of theory and problems of engineering mechanics.
670 ## - SOURCE DATA FOUND
- Source citation: Work cat.: (dpl)0: Statics /, c2010.
670 ## - SOURCE DATA FOUND
- Source citation: Work cat.: (dpl)0: Statics /, c2010.
